| 000 | 00690nam a2200205Ia 4500 | ||
|---|---|---|---|
| 001 | 4401 | ||
| 003 | GE_BSU | ||
| 008 | 181216s||||||||xx |||||||||||||| ||und|| | ||
| 040 | _cGE_BSU | ||
| 080 | _a697(075.8)(035.3) | ||
| 100 | _aЛейв,Ж.Я. Либер,И.C. | ||
| 245 | _aСправочная книга по санитарной технике(отопление,вентиляция,теплоснабжение). | ||
| 245 | _cПод ред. Д.А.Мателенка. | ||
| 260 | _aМ. | ||
| 260 | _bЛениздат. | ||
| 260 | _c1966. | ||
| 300 | _a438 стр. 27 см. | ||
| 653 | _aСправочная книга по санитарной технике. | ||
| 942 | _cBK | ||
| 999 |
_c38391 _d38391 |
||